LEADER 00917nam a2200229 i 4500 001 000000174218 003 CaOOAMICUS 005 20080823000000.0 008 080823s1938 it u000 u fre u 013 $a151682 040 $aSeMil$bita 100 1 $aLa Tour Du Pin, Patrice : de.$0(OLS)http://semarc/name/65040 245 13$aLa vie recluse en poesie /$cPatrice de La Tour Du Pin. suivi de Présence et poesie / par Daniel-Rops. 260 $aParis :$bPlon,$c1938. 300 $a240 p. ;$c19 cm. 490 0 $aPrésences 700 1 $aDaniel-Rops,$c.$0(OLS)http://semarc/name/5511 830 0$aPrésences.$0(OLS)http://semarc/title/22062 850 $aSeMil 852 $aSeMil$W1$xVenegono$y1$m1W V 36$j125057$B125057$CSeMilBibl$Z2$F135994 $81 996 $6245$aLa vie recluse en poesie$9(OLS)http://semarc/title/249671 996 $6260$aParis :$bPlon$9(OLS)http://semarc/publisher/32056 LEADER 01138nam a2200253 i 4500 001 000000226744 003 CaOOAMICUS 005 20140131000000.0 008 140131s1825 it u000 u und u 013 $a205646 026 $at.m- r-ve tond PoTh (R) 1825 (A) 040 $aSeMil$bita 100 1 $aRobinson, Edward,$d<1794-1863>.$0(OLS)http://semarc/name/78658 245 10$aGreek and English Lexicon of the New Testament, from the Clavis Philologica of Christ. Abr. Wahl /$cby Edward Robinson. 260 $aAndover :$bPrinted at the Codman Press,$c1825. 300 $aVIII, 852 p. ;$c4°. 500 $aFondo Card. C.M. Martini. 650 4$aBibbia - NT - Lingua greca - Dizionari.$0(OLS)http://semarc/subject/4871 850 $aSeMil 852 $aSeMil$W1$xVenegono$y1$m1A IV 3 FA$j177090$B177090$CSeMilBibl$Z2$F187979 $8I 941 1 $a4 961 $aOmaggio: Martini Card. Carlo Maria 996 $6245$aGreek and English Lexicon of the New Testament, from the Clavis Philologica of Christ. Abr. Wahl$9(OLS)http://semarc/title/324637 996 $6260$aAndover :$bPrinted at the Codman Press$9(OLS)http://semarc/publisher/53527